书目信息 |
| 题名: |
台湾省地图册
|
|
| 作者: | ;地图出版社 , 中央人民广播电台对台湾广播部 编制 | |
| 分册: | ||
| 出版信息: | 北京 地图出版社 1981 |
|
| 页数: | 1册 | |
| 开本: | 17cm | |
| 丛书名: | ||
| 单 册: | ||
| 中图分类: | P982.58 , K992 | |
| 科图分类: | ||
| 主题词: | 地图--台湾 | |
| 电子资源: | ||
| ISBN: | ||
| 000 | 00742nam0 2200241 450 | |
| 001 | 1558118040 | |
| 005 | 20150118160914.17 | |
| 010 | @dCNY1.30 | |
| 091 | @a12014.1096@d¥1.30 | |
| 100 | @a19971222d1981 em y0chiy0110 ea | |
| 101 | 0 | @achi |
| 102 | @aCN@b110000 | |
| 105 | @ab z 000yy | |
| 200 | 1 | @a台湾省地图册@9tai wan sheng di tu ce@f地图出版社,中央人民广播电台对台湾广播部编制 |
| 210 | @a北京@c地图出版社@d1981 | |
| 215 | @a1册@d17cm | |
| 606 | 0 | @a地图@y台湾 |
| 690 | @aP982.58@v5 | |
| 690 | @aK992@v4 | |
| 711 | 02 | @a地图出版社@9di tu chu ban she@4编制 |
| 711 | 02 | @a中央人民广播电台对台湾广播部@9zhong yang ren min guang bo dian tai dui tai wan guang bo bu@4编制 |
| 801 | 0 | @aCN@bTSSF@c20150115 |
| 905 | @aZUCC@dK992@eJY10 | |
| 台湾省地图册/地图出版社,中央人民广播电台对台湾广播部编制.-北京:地图出版社,1981 |
| 1册;17cm |
| ISBN :CNY1.30 |
| ● |
| 相关链接 |
|
|
|
|
正题名:台湾省地图册
索取号:K992/JY10
 
预约/预借
| 序号 | 登录号 | 条形码 | 馆藏地/架位号 | 状态 | 备注 |
| 1 | 7835582 | 278355824 | 学院路分馆/ [索取号:K992/JY10] | 在馆 | |
| 2 | 7835583 | 278355833 | 学院路分馆/ [索取号:K992/JY10] | 在馆 |